<?xml version="1.0" encoding="UTF-8"?>
<collection xmlns="http://www.loc.gov/MARC21/slim">
 <record>
  <leader>04729pam a2200541 i 4500</leader>
  <controlfield tag="001">AALScienceDirectebook000007</controlfield>
  <controlfield tag="003">BD-DhAAL</controlfield>
  <controlfield tag="005">20191205134318.0</controlfield>
  <controlfield tag="006">m     o  d        </controlfield>
  <controlfield tag="007">cr |n|||||||||</controlfield>
  <controlfield tag="008">160614s2016    enk     o     001 0 eng d</controlfield>
  <datafield tag="999" ind1=" " ind2=" ">
   <subfield code="c">41952</subfield>
   <subfield code="d">41952</subfield>
  </datafield>
  <datafield tag="015" ind1=" " ind2=" ">
   <subfield code="a">GBB684816</subfield>
   <subfield code="2">bnb</subfield>
  </datafield>
  <datafield tag="016" ind1="7" ind2=" ">
   <subfield code="a">017889120</subfield>
   <subfield code="2">Uk</subfield>
  </datafield>
  <datafield tag="020" ind1=" " ind2=" ">
   <subfield code="a">0128096535</subfield>
  </datafield>
  <datafield tag="020" ind1=" " ind2=" ">
   <subfield code="a">9780128096536</subfield>
  </datafield>
  <datafield tag="020" ind1=" " ind2=" ">
   <subfield code="z">012804148X</subfield>
  </datafield>
  <datafield tag="020" ind1=" " ind2=" ">
   <subfield code="z">9780128041482</subfield>
  </datafield>
  <datafield tag="035" ind1=" " ind2=" ">
   <subfield code="a">(OCoLC)951712418</subfield>
   <subfield code="z">(OCoLC)951977754</subfield>
  </datafield>
  <datafield tag="040" ind1=" " ind2=" ">
   <subfield code="a">BD-DhAAL</subfield>
  </datafield>
  <datafield tag="050" ind1=" " ind2="4">
   <subfield code="a">HD9665.5</subfield>
  </datafield>
  <datafield tag="060" ind1=" " ind2="4">
   <subfield code="a">QV 778</subfield>
  </datafield>
  <datafield tag="072" ind1=" " ind2="7">
   <subfield code="a">BUS</subfield>
   <subfield code="x">070000</subfield>
   <subfield code="2">bisacsh</subfield>
  </datafield>
  <datafield tag="082" ind1="0" ind2="4">
   <subfield code="a">338.476151</subfield>
   <subfield code="2">23</subfield>
  </datafield>
  <datafield tag="100" ind1="1" ind2=" ">
   <subfield code="a">Ostrove, Steve,</subfield>
   <subfield code="e">author.</subfield>
   <subfield code="9">38020</subfield>
  </datafield>
  <datafield tag="245" ind1="1" ind2="0">
   <subfield code="a">How to validate a pharmaceutical process /</subfield>
   <subfield code="c">Steven A. Ostrove.</subfield>
   <subfield code="h">[electronic resource]</subfield>
  </datafield>
  <datafield tag="260" ind1=" " ind2="1">
   <subfield code="a">London, UK :</subfield>
   <subfield code="b">Elsevier,</subfield>
   <subfield code="c">2016.</subfield>
  </datafield>
  <datafield tag="300" ind1=" " ind2=" ">
   <subfield code="a">1 online resource</subfield>
  </datafield>
  <datafield tag="500" ind1=" " ind2=" ">
   <subfield code="a">&lt;strong&gt;Off-Campus Access:&lt;/strong&gt; Athens ID and Password Required</subfield>
  </datafield>
  <datafield tag="500" ind1=" " ind2=" ">
   <subfield code="a">&lt;strong&gt;On-Campus Access:&lt;/strong&gt; No User ID or Password Required</subfield>
  </datafield>
  <datafield tag="500" ind1=" " ind2=" ">
   <subfield code="a">Includes index.</subfield>
  </datafield>
  <datafield tag="505" ind1="0" ind2=" ">
   <subfield code="a">Front Cover; How to Validate a Pharmaceutical Process; Copyright Page; Dedication; Contents; Author Biography; Preface; Acknowledgment; About the Expertise in the Pharmaceutical Process Technology Series; Format; Subject Matter; Target Audience; I: Introduction to Process Validation; 1 Introduction to Process Validation (PV); Defining Process Validation (PV); Legacy Products; Stages of PV; Notes; 2 A Brief Review of the Regulations; Notes; 3 The Validation Life Cycle and Change Control; Life Cycle Approach; The Role of Change Control; Types of Changes; The Change Control Process; Notes.</subfield>
  </datafield>
  <datafield tag="505" ind1="8" ind2=" ">
   <subfield code="a">11 Cleaning and Facility QualificationFacility Design; Introduction to Cleaning; General Cleaning Considerations; Facility Design and Cleaning; Equipment Cleaning; Other Cleaning Considerations; Notes; Terms and Definitions; Appendix A: 21 CFR 211; Appendix B: Example-Short Change Control Form; Appendix C: Additional ICH and FDA Guidelines; Important ICH and FDA Guidelines; Index; Back Cover.</subfield>
  </datafield>
  <datafield tag="505" ind1="8" ind2=" ">
   <subfield code="a">II: Stage I-Process Development4 Getting Started; Before It All Starts; Example; Getting Started (After the Equipment Specifications); The Validation Master Plan; Standard Operating Procedures (SOPs) Preparation; Quality Programs; Training; Basic Risk Approach; Putting it Together; Notes; 5 Basic Equipment and Utility Qualification; Introduction; Determining the Level of Qualification; Factory Acceptance Test and Site Acceptance Test; Commissioning; Qualification Protocols-Installation Qualification (IQ) and Operational Qualification (OQ); Performance Qualification.</subfield>
  </datafield>
  <datafield tag="505" ind1="8" ind2=" ">
   <subfield code="a">Laboratory Equipment Qualification (EQ)Qualification Protocol Execution; Reports; Calibration and Preventive Maintenance Programs; Notes; 6 Computers and Automated Systems; Introduction; General Considerations; Documentation; Testing; Basic CSV-Black Box-Gray Box-White Box Testing; Computer Life Cycle; Specific Systems; Microprocessors; Programmable Logic Controllers (PLCs); Personal Computers; Networks; Supervisory Control and Data Acquisition (SCADA); Distributed Control Systems (DCS); Part 11; Notes; III: Stage II-Process Development; 7 Process Development; Preliminaries; Development.</subfield>
  </datafield>
  <datafield tag="505" ind1="8" ind2=" ">
   <subfield code="a">Risk AssessmentProcess Parameters; Setting Process Limits; Next Steps; Notes; 8 The Process Validation Protocol-PPQ; Introduction; Setting Protocol Test Ranges; Preparing the Protocol; Executing the Protocol; Sampling Plans; Recording the Results; The Validation Report; Notes; 9 Dealing With Deviations; The Investigation; Notes; IV: Stage III-Continued Process Verification; 10 Stage III-Collection and Evaluating Production Data; General Approach; Legacy Products; Stage III-Continued Process Verification (CPV); Statistical Process Control and Control Charts; Notes; V: Other Related Activities.</subfield>
  </datafield>
  <datafield tag="506" ind1=" " ind2=" ">
   <subfield code="a">Electronic access restricted to authorized BRAC University faculty, staff and students</subfield>
  </datafield>
  <datafield tag="538" ind1=" " ind2=" ">
   <subfield code="a">Mode of access: Internet</subfield>
  </datafield>
  <datafield tag="650" ind1=" " ind2="0">
   <subfield code="a">Pharmaceutical industry</subfield>
   <subfield code="x">Management.</subfield>
   <subfield code="9">38021</subfield>
  </datafield>
  <datafield tag="650" ind1=" " ind2="0">
   <subfield code="a">Production engineering.</subfield>
   <subfield code="9">38022</subfield>
  </datafield>
  <datafield tag="650" ind1=" " ind2="7">
   <subfield code="a">BUSINESS &amp; ECONOMICS</subfield>
   <subfield code="x">Industries</subfield>
   <subfield code="x">General.</subfield>
   <subfield code="2">bisacsh</subfield>
   <subfield code="9">38023</subfield>
  </datafield>
  <datafield tag="650" ind1=" " ind2="7">
   <subfield code="a">Pharmaceutical industry</subfield>
   <subfield code="x">Management.</subfield>
   <subfield code="2">fast</subfield>
   <subfield code="9">38021</subfield>
  </datafield>
  <datafield tag="650" ind1=" " ind2="7">
   <subfield code="a">Production engineering.</subfield>
   <subfield code="2">fast</subfield>
   <subfield code="9">38022</subfield>
  </datafield>
  <datafield tag="655" ind1=" " ind2="4">
   <subfield code="a">Electronic books.</subfield>
   <subfield code="9">38025</subfield>
  </datafield>
  <datafield tag="776" ind1="0" ind2="8">
   <subfield code="i">Print version:</subfield>
   <subfield code="z">012804148X</subfield>
   <subfield code="z">9780128041482</subfield>
   <subfield code="w">(OCoLC)938383710</subfield>
  </datafield>
  <datafield tag="856" ind1="4" ind2="0">
   <subfield code="z">Full text available on ScienceDirect</subfield>
   <subfield code="u">https://www.sciencedirect.com/science/book/9780128041482</subfield>
  </datafield>
  <datafield tag="942" ind1=" " ind2=" ">
   <subfield code="2">ddc</subfield>
   <subfield code="c">EBK</subfield>
  </datafield>
  <datafield tag="952" ind1=" " ind2=" ">
   <subfield code="0">0</subfield>
   <subfield code="1">0</subfield>
   <subfield code="2">ddc</subfield>
   <subfield code="4">0</subfield>
   <subfield code="6">338_476151000000000_OST</subfield>
   <subfield code="7">0</subfield>
   <subfield code="9">67375</subfield>
   <subfield code="a">BRACUL</subfield>
   <subfield code="b">BRACUL</subfield>
   <subfield code="d">2019-12-05</subfield>
   <subfield code="l">0</subfield>
   <subfield code="o">338.476151 OST</subfield>
   <subfield code="r">2019-12-05</subfield>
   <subfield code="w">2019-12-05</subfield>
   <subfield code="y">EBK</subfield>
  </datafield>
 </record>
</collection>
